00994nam a2200265 a 4500999001500000001000600015003000900021005001700030008004100047010001700088020001500105040003800120082002100158100002100179245007600200250001200276260005900288300004500347500002000392650003100412700001700443942001500460952011900475952013400594 c3531d353114019BD-DhUAP20200308154037.0090507s2005 njua 001 0 eng d a 2004042293 a9812532277 aBD-DhUAPcBD-DhUAPdBD-DhUAPbEng00a621.3815 IRW2231 aIrwin, J. David.10aBasic engineering circuit analysis /cJ. David Irwin and R. Mark Nelms. a8th ed. aNew Delhi :bJ. Wiley & Sons,cc2005 [Reprinted 2007]. axx, 794 pages :billustrations ;c24 cm. aIncludes index. 0aElectric circuit analysis.1 aNelms, R. M.00012ddccBK 00102ddc4070aUAPCLbUAPCLcGeneral Stacksd2020-03-08o621.3815 IRWp3010014019r2020-03-08t1w2020-03-08yBK 00102ddc4070aUAPCLbUAPCLcGeneral Stacksd2020-03-08l1o621.3815 IRWp3010014020r2024-04-23s2024-04-03t2w2020-03-08yBK